| 000 | 00799nam a2200313Ia 4500 | ||
|---|---|---|---|
| 003 | OSt | ||
| 005 | 20250829114419.0 | ||
| 008 | 210210b2005 xxu||||| |||| 00| 0 eng d | ||
| 020 | _a0749444037 | ||
| 040 | _cAL | ||
| 041 | _aeng | ||
| 082 | _a070.5 TUNM | ||
| 100 |
_aMark Tungate _9237564 |
||
| 245 | _aMedia monoliths : how great media brands thrive and survive | ||
| 260 |
_aLondon _bKogan Page _c2005 |
||
| 300 | _aviii,261p | ||
| 650 |
_aReuters _9237565 |
||
| 650 |
_aMTV _9237566 |
||
| 650 |
_amonoliths _9237567 |
||
| 650 |
_aMedia _9237568 |
||
| 650 |
_ahow _9237569 |
||
| 650 |
_aCNN international _9237570 |
||
| 650 |
_aBloomberg _9237571 |
||
| 650 |
_aBBC world _9237572 |
||
| 650 |
_aand _9237573 |
||
| 690 |
_aJournalism _9237574 |
||
| 906 | _a065293 | ||
| 942 |
_2ddc _cBK |
||
| 999 |
_c142471 _d142471 |
||